| 000 | 00705nam a2200217 4500 | ||
|---|---|---|---|
| 001 | 96355 | ||
| 003 | ES-MaACL | ||
| 005 | 20250603170558.0 | ||
| 007 | t| | ||
| 008 | 050616s1981 sp |||| |dspa d | ||
| 080 | _a860.09"19" | ||
| 080 | _a008(460)"19" | ||
| 100 | 1 |
_aMainer, José-Carlos, _d1944- _975599 |
|
| 245 | 1 | 3 |
_aLa Edad de Plata (1902-1939) _b: ensayo de interpretación de un proceso cultural / _cJosé-Carlos Mainer. |
| 260 |
_aMadrid : _bCátedra, _c1981. |
||
| 300 |
_a466 p. ; _c21 cm. |
||
| 650 | 4 |
_aLiteratura española- _yS.XX- _xHistoria y crítica. _9141686 |
|
| 651 | 4 |
_aEspaña- _xVida intelectual- _yS.XX _98529 |
|
| 852 |
_aES-MaACL _jL-2297 |
||
| 999 |
_c96355 _d96355 |
||